000 00418nam a2200181Ia 4500
003 0100
008 130303s9999 xx 000 0 und d
040 _cARRUPELIB
050 _aJC176.H9M54 1981
100 _aMiller, David
245 _aPhilosophy and ideology in Hume's political thought
260 _aOxford
260 _bClarendon
260 _C1981
300 _a218p.
300 _b 23 cm
942 0 0 _01
999 _c25859
_d25859